Postacie DC - nagła śmierć - Statystyki

Ogólne statystyki
  • Ten quiz został rozwiązany 22 razy
  • Średni wynik to 11 z 17
Answers on the Grid
Answers color-coded by a green-red scale on the quiz's grid according to % correct below.
Supermen
Batman
Spider-Man
Thor
Iron Man
Homelander
Wonder Woman
Flash
Hellboy
Aquaman
Loki
Zielona Latarnia
The Tick
Cyborg
The Phantom
Madman
Shazam
Shadowman
Astro Boy
Joker
Hawkgirl
Harley Quinn
Darkseid
Supergirl
Etrigan
Black Adam
Kite Man
Zatanna
 
Statystyki odpowiedzi
Odpowiedź % Poprawnych
Batman
89%
Cyborg
78%
Joker
78%
Aquaman
72%
Flash
72%
Supergirl
72%
Black Adam
67%
Darkseid
67%
Harley Quinn
67%
Shazam
67%
Supermen
67%
Wonder Woman
67%
Zielona Latarnia
67%
Hawkgirl
39%
Zatanna
33%
Kite Man
28%
Etrigan
22%
Nie znaleziono quizów pasujących do podanych kryteriów
Rozkład punktacji
Procent ludzi z każdym wynikiem
Percentyl według liczby udzielonych odpowiedzi
Twoja historia wyników
Nie rozwiązałeś tego quizu